000 00413nam a2200133 i 4500
001 bg
245 0 _aDevelopment in electron microscopy and analysis :
_bproceedings of EMAG 75 held at the University of Bristol, 8-11 September 1975.
260 _aLondon,
_c1976.
040 _cBPK
041 _apol
080 _a537.533.3:621.385.833:620.187](061.3)
942 _cKS
008 s pl f |000 0 pol
999 _c18285
_d18285
856 _uhttp://koha.tu.koszalin.pl/cgi-bin/koha/opac-detail.pl?biblionumber=18285
_yKatalog online BPK